Assassin's Creed II Characters - Statistics

General Stats
  • This quiz has been taken 23 times
  • The average score is 19 of 39
Answer Stats
Picture Hint Answer % Correct
Painter, Inventor, Designer, Architect, Scientist, Engineer Leonardo da Vinci
100%
Student, Noble Ezio Auditore
94%
Condottiero, Noble Mario Auditore
94%
Leader of the Italian Templars, Noble Rodrigo Borgia
88%
Banker, Advisor, Noble Giovanni Auditore
81%
Thief La Volpe
75%
Ruler of Florence Lorenzo de' Medici
75%
Philosopher, Writer, Politician Niccolò Machiavelli
75%
Countess of Forlì, Noble Caterina Sforza
69%
Writer, Noble Maria Auditore
69%
Student, Noble Claudia Auditore
63%
Noble Vieri de' Pazzi
63%
Condottiero Bartolomeo d'Alviano
56%
Student, Noble Federico Auditore
56%
Noble, Banker Francesco de' Pazzi
56%
Student, Noble Petruccio Auditore
56%
Leader of the Gilda dei Ladri di Venezia (Venetian Thieves Guild) Antonio
50%
Student, Noble Cristina Vespucci
50%
Thief Rosa
50%
Gonfaloniere di Giustizia, Executor of the Ordinances of Justice, Traitor Uberto Alberti
44%
Madame of La Rosa Colta Paola
38%
Bankers, priests and archbishop The Pazzi Conspirators
38%
Doge of Venice Agostino Barbarigo
31%
Servant Annetta
31%
Merchant Guild Leader, Noble Emilio Barbarigo
31%
Dominican friar, Leader of Florence Girolamo Savonarola
31%
Noble, Doge of Venice Marco Barbarigo and Dante
31%
Member of the Supreme Tribunal of Venice, State Inquisitor, Noble Silvio Barbarigo Il Rosso
31%
Madame of La Rosa della Virtù Teodora
31%
Noble, Member of the Council of Ten Carlo Grimaldi
25%
Doge of Venice Giovanni Mocenigo
25%
Noble Giuliano de' Medici
25%
Scholar, Poet Poliziano
25%
Baggage Handler Alvise da Vilandino
19%
Noble Bianca Riario
19%
Noble, Professional Thief Checco and Ludovico Orsi
19%
Count, Noble Ottaviano Riario
19%
Monk Brother O'Callahan
13%
Exiled Ruler of Florence, Noble Piero de' Medici
13%
No matching quizzes found
Score Distribution
Percent of People with Each Score
Percentile by Number Answered
Your Score History
You have not taken this quiz